000 00610cam a22002053a 4500
001 46028
003 PGUSA
005 20140828084057.0
008 140619s2014||||xxu|||||s|||||000 | eng d
040 _aPGUSA
_beng
042 _adc
100 1 _aWoodruff, Wilford
245 1 0 _aLeaves from My Journal :
_bThird Book of the Faith-Promoting Series
_h[electronic resource] /
_cWilford Woodruff
260 _bProject Gutenberg,
_c2014
506 _aPublic domain in the USA.
516 _aElectronic text
830 0 _aProject Gutenberg
_v46028
856 4 0 _uhttp://www.gutenberg.org/ebooks/46028
942 _cEB
999 _c275277
_d275277